| 000 | 00589nam a22001937a 4500 | ||
|---|---|---|---|
| 003 | BDDh-ASL | ||
| 005 | 20231015031014.0 | ||
| 008 | 220918n ii ||||| |||| 00| 0 urd d | ||
| 040 |
_aBDDh-ASL _cBDDh-ASL |
||
| 041 | _aurd | ||
| 082 |
_a297 _bDAM |
||
| 100 | 1 |
_96513 _aDaryabadi, Abdul Majid |
|
| 245 | 1 | 0 | _aMunajat-e Maqbul : / مناجات مقبول |
| 246 | _aMashahire Ahle Ilm Ki Muhsin Kitebein : / مشاہير اہل علم کی محسن کتابيں | ||
| 260 |
_aLucknow : _bNami Press , |
||
| 300 |
_a166 p. : _c19 cm. |
||
| 650 | 0 |
_91652 _aIslam |
|
| 942 |
_2ddc _cBK |
||
| 999 |
_c29199 _d29199 |
||